English Football shirts: Red 🔴 - Statistics

General Stats
  • This quiz has been taken 23 times
  • The average score is 15 of 37
Answer Stats
Division Use Answer % Correct
Premier League Main Liverpool
95%
Premier League Main Manchester United
95%
Premier League Main Arsenal
84%
Premier League Main Sunderland
84%
Premier League Main Nottingham Forest
68%
Premier League Main Brentford
63%
Championship Main Southampton
63%
Premier League Main Bournemouth
58%
League One Main Barnsley
53%
Premier League Main Crystal Palace
53%
Championship Main Sheffield United
53%
Championship Main Bristol City
47%
League One Main Exeter City
47%
Championship Main Middlesbrough
47%
Championship Main Stoke City
47%
Championship Main Charlton Athletic
37%
League One Main Lincoln City
37%
League Two Main Swindon Town
37%
Championship Main Wrexham
37%
League One Main Rotherham United
32%
League Two Main Accrington Stanley
26%
Championship Trim Ipswich Town
26%
League Two Main Salford City
26%
League Two Main Walsall
26%
League One Trim Bolton Wanderers
21%
League Two Main Cheltenham Town
21%
League Two Main Crawley Town
21%
League One Main Doncaster Rovers
21%
League Two Trim Grimsby Town
21%
League One Trim Reading
21%
League One Trim Stevenage
21%
Championship Trim Watford
21%
League One Main Leyton Orient
16%
Premier League Trim Chelsea
11%
League Two Main Crewe Alexandra
11%
League Two Main Fleetwood Town
11%
League Two Trim Shrewsbury Town
0%
No matching quizzes found
Score Distribution
Percent of People with Each Score
Percentile by Number Answered
Your Score History
You have not taken this quiz